000 00800nam a2200217Ii 4500
003 JO-AjNU
008 230605s9999||||xx |||||||||||||| ||und||
017 _a1999/9/1672
040 _aJO-AjNU
_bara
_erda
_cJO-AjNU
041 _aara
050 1 4 _aHG1607 2010
100 3 _aتأليف: ظاهر، احمد حسن/ م.مشارك: يوسف مصطفى سعادة,
_eauthor
_929576
245 0 0 _aمحاسبة المنشآت المالية
250 _aط4 مزيدة ومنقحة
264 3 1 _aعمان : طارق للخدمات المكتبية، 2010
300 _a544ص
_bيحتوي على ببلوغرافية من 541-544ص
336 _atext
_btxt
_2rdacontent
337 _aunmediated
_bn
_2rdamedia
338 _avolume
_bnc
_2rdacarrier
650 4 _aالمحاسبة المالية
_929577
999 _aA11619
_c15187
_d15187